000 01661nam a2200349Ii 4500
001 60522
003 CO-BoRNBP
005 20260218152726.0
007 ta
008 161128r20142006ck a|||ar 000 j spa d
020 _a9789588841380
040 _aCO-BoRNBP
_bspa
_erda
_cCO-BoRNBP
041 0 _aspa
043 _as-ck---
084 _aA
100 1 _aDa Coll, Ivar,
_d1962- ,
_eaut
_eill
_92446
245 1 0 _aChigüiro y el baño /
_chistoria e ilustraciones de Ivar Da Coll.
250 _aEdición especial para el Ministerio de las Culturas
264 1 _aBogotá, Colombia :
_bEditorial Babel Libros,
_c2006,
_c2014.
300 _a23 páginas sin numerar :
_bilustraciones a color ;
_c14 cm.
336 _atexto
_btxt
_2rdacontent
337 _asin mediación
_bn
_2rdamedia
338 _avolumen
_bnc
_2rdacarrier
520 1 _aÁlbumes sin palabras que describen en simples pero inquisitivas imágenes el diario deambular de un pequeño mamífero peludo de los llanos. Personaje entrañable para los niños colombianos, les ha mostrado en sus aventuras el innegable valor de su ingenuidad e imaginación: una ramita puede ser un juguete, una pelota logra la estatura de un amigo, un lápiz adquiere el poder de la creación. (Tomado de la fuente).
521 1 _aRecomendado para un público infantil mayor de 3 años.
650 1 7 _aÁlbumes infantiles colombianos
_ySiglo XXI
_2rnbp
650 1 7 _aLiteratura infantil colombiana
_ySiglo XXI
_2rnbp
_9966
650 1 7 _aHigiene en la literatura
_2rnbp
_968961
650 1 7 _aJuegos infantiles en la literatura
_2rnbp
_929192
650 1 7 _aLibros ilustrados para niños
_2rnbp
_92001
942 _2loc
_cBKLITI
_n0
999 _c60522
_d60522